00647cam a22002411 4500001001300000003000400013005001700017008004100034010001700075025002000092035002000112040002100132042001200153050002200165100002500187245005200212260001100264300003100275500001600306504003300322650003300355999001700388sa 68007070 DLC20260227112520.0950303s1967 ii a b 000 0 beno  asa 68007070  aPL480:EP-B-1631 a(OCoLC)32083947 aDLCcCUdCUdDLC apremarc00aPK1665b.H29 19671 aHai, Muhammad Abdul.10aDhavani-bijñāna o Bāṃlā dhvanitattva. c[1967] a19, 409 p.billus.c25 cm. aIn Bengali. aBibliography : p. [365]-369. 0aBengali languagexPhonology. c81596d81596